Представление документа в формате MARC21

ПолеНазваниеЗначение
  Тип записи a
  Библиографический уровень m
001 Контрольный номер BIBLIOCLUB\0000728987
005 Дата корректировки 20260430154908.5
006 m o d
007 Элементы данных для физической характеристики c|||||||||||||
008 Кодируемые данные s2026 rus o rus d
020 Индекс ISBN __
a ISBN 978-5-4499-5549-4
041 Код языка издания 0_
a Код языка текста rus
084 Индекс другой классификации/Индекс ББК __
a Индекс другой классификации/Индекс ББК 67.407.1я73
b Номер единицы LBC/PL
2 Источник индекса rubbk
245 Заглавие 10
a Заглавие Актуальные вопросы земельного права
b Продолж. заглавия учебник
c Ответственность А. Л. Бажайкин, Н. П. Воронина, А. А. Воронцова, А. Н. Горбачев, Э. А. Гряда, Н. В. Кичигин, Н. Л. Лисина, Е. В. Лунева, А. П. Ревякин
c Ответственность под общ. ред. А. Н. Горбачев
260 Выходные данные __
a Место издания Москва
b Издательство Директ-Медиа
c Дата издания 2026
300 Физическое описание __
a Объем 236 с.
504 Библиография __
a Библиография Библиогр. в кн
653 Ключевые слова 1_
a Ключевые слова Учебник для высшей школы
700 Другие авторы _1
a Другие авторы Бажайкин А. Л.
700 Другие авторы _1
a Другие авторы Воронина Н. П.
700 Другие авторы _1
a Другие авторы Воронцова А. А.
700 Другие авторы _1
a Другие авторы Горбачев А. Н.
700 Другие авторы _1
a Другие авторы Гряда Э. А.
700 Другие авторы _1
a Другие авторы Кичигин Н. В.
700 Другие авторы _1
a Другие авторы Лисина Н. Л.
700 Другие авторы _1
a Другие авторы Лунева Е. В.
700 Другие авторы _1
a Другие авторы Ревякин А. П.
856 Электронный адрес документа 40
3 Область применения данных поля Университетская библиотека ONLINE
u URL https://biblioclub.ru/index.php?page=book&id=728987
856 Электронный адрес документа 40
u URL https://doi.org/10.23681/728987
900 Электронные ресурсы __
a Имя электронного ресурса https://img.biblioclub.ru/sm_cover/eb7e7e0af4bc96ccfa17548e27f9c35eji2wow7q6c/cover.jpg